| Tag |
First Indicator |
Second Indicator |
Subfields |
| LEADER |
00000pam a2200000 a 4500 |
| 001 |
in00000078048 |
| 005 |
20151008055123.0 |
| 008 |
811020s1982 nyua b 00110 eng |
| 010 |
|
|
|a 81018132
|
| 020 |
|
|
|a 091423689X (pbk.) :
|c $24.50
|
| 035 |
|
|
|a (OCoLC)07948038
|
| 035 |
|
|
|9 AAJ2606AM
|
| 039 |
0 |
|
|a 2
|b 3
|c 3
|d 3
|e 3
|
| 040 |
|
|
|a DLC
|c DLC
|d TXA
|d UtOrBLW
|
| 043 |
|
|
|a n-us---
|
| 049 |
|
|
|a TXAM
|c [1804194]
|
| 050 |
0 |
0 |
|a Z716.3
|b .L43
|
| 082 |
0 |
|
|a 021.7/0973
|2 19
|
| 100 |
1 |
|
|a Leerburger, Benedict A.
|
| 245 |
1 |
0 |
|a Marketing the library /
|c by Benedict A. Leerburger.
|
| 264 |
|
1 |
|a White Plains, N.Y. :
|b Knowledge Industry Publications,
|c [1982]
|
| 264 |
|
4 |
|c ©1982
|
| 300 |
|
|
|a i, 124 pages :
|b illustrations ;
|c 28 cm.
|
| 336 |
|
|
|a text
|b txt
|2 rdacontent
|
| 337 |
|
|
|a unmediated
|b n
|2 rdamedia
|
| 338 |
|
|
|a volume
|b nc
|2 rdacarrier
|
| 490 |
1 |
|
|a Professional librarian series
|
| 500 |
|
|
|a Includes index.
|
| 504 |
|
|
|a Bibliography: pages 117-119.
|
| 650 |
|
0 |
|a Public relations
|z United States
|x Libraries.
|
| 830 |
|
0 |
|a Professional librarian series.
|
| 999 |
|
|
|a MARS
|
| 999 |
f |
f |
|s 5d42b6d0-fb37-342a-8f82-3f88c3a0c926
|i 297bd893-0a7b-370f-9eb5-837278f7bf20
|t 0
|
| 952 |
f |
f |
|p ric
|a Texas A&M University
|b Rellis Campus
|c Joint Library Facility
|d Remote Storage
|t 0
|e Z716.3 .L43
|h Library of Congress classification
|i unmediated -- volume
|m A14806263093
|
| 998 |
f |
f |
|a Z716.3 .L43
|t 0
|l Remote Storage
|